| 000 | 00651nam a22002057a 4500 | ||
|---|---|---|---|
| 005 | 20140424164002.0 | ||
| 010 | _aENG-109623 | ||
| 020 |
_c280.00 _a9788189941802 |
||
| 035 | _aEN-93156 | ||
| 037 | _bDBAD/PUB | ||
| 082 | _a576.139 | ||
| 100 | _aMeyyan, R.P. | ||
| 245 |
_aGenetics and biostatistics / _cby R.P. Meyyan [and] N. Arumugam |
||
| 260 |
_bSaras Publication _c2011 _aNagercoil |
||
| 270 |
_bNagercoil _e629002 _a114/35G, A. R. P. Camp Road, Periavilai, Kottar P. O., |
||
| 300 |
_avarious pagings. : _c22cm(pbk) _bill |
||
| 500 | _aIncludes index | ||
| 700 | _aArumugam, N. | ||
| 942 |
_2ddc _cEN _mMEY _h576.139 |
||
| 999 |
_c83166 _d83166 |
||